000 00654nam a22002177a 4500
003 OSt
005 20260207120955.0
008 260207b |||||||| |||| 00| 0 eng d
020 _a9789348009159
040 _ckul
041 _aMAL
082 _a613
_bSHA.R
084 _2Colon Classification
100 _aഷർമദ് ഖാൻ I Sharmadh Khan
_99646
245 _aരോഗിയാകാൻ ഇത്ര ധൃതി എന്തിന് ?/Roghiyakan Ithra Drithi Enthinu?
250 _a1st ed.
260 _aThiruvananthapuram:
_bChintha Publishers,
_c2025.
300 _a136p.
650 _vMalayalam, Health
_99649
942 _2ddc
_cBK
999 _c755965
_d755965